Normal view
MARC view
Entry Personal Name
001 - CONTROL NUMBER
- control field: 13787
003 - CONTROL NUMBER IDENTIFIER
- control field: OSt
005 - DATE AND TIME OF LATEST TRANSACTION
- control field: 20200305155016.0
008 - FIXED-LENGTH DATA ELEMENTS
- fixed length control field: 200305|| aca||aabn | a|a d
040 ## - CATALOGING SOURCE
- Original cataloging agency: OSt
- Transcribing agency: OSt
100 ## - HEADING--PERSONAL NAME
- Personal name: Waal, Andre' de
670 ## - SOURCE DATA FOUND
- Source citation: Work cat.: (OSt): Waal, Andre' de, Strategic Performance Management: a managerial and behavioural approach, 2007
